[Event "Stuttgarter Stadtmeisterschaft 2010 A"]
[Site "Ditzingen"]
[Date "2010.05.16"]
[Round "7.36"]
[White "Fahnenschmidt, Gerhard"]
[Black "Tominski, Norbert"]
[Result "0-1"]
[WhiteElo "2059"]
[BlackElo "1921"]
[PlyCount "122"]
[EventDate "2010.??.??"]
[WhiteTeam "SAbt VfL Sindelfingen"]
[BlackTeam "VfR-SC Koblenz"]

1. c4 e5 2. Nc3 Nf6 3. Nf3 Nc6 4. d4 exd4 5. Nxd4 Bc5 6. Nxc6 bxc6 7. g3 O-O 8.
Bg2 h6 9. O-O Bb7 10. b3 Rb8 11. Bb2 Qe7 12. Rc1 Rfd8 13. Na4 Bd6 14. e4 Be5
15. Bxe5 Qxe5 16. f4 Qe7 17. e5 Nh7 18. Qd4 a5 19. c5 Ba6 20. Rfd1 Be2 21. Rd2
Bh5 22. f5 Qg5 23. Rf1 f6 24. Rdf2 fxe5 25. Qxe5 Rbc8 26. h4 Qf6 27. Qf4 Bf7
28. Qd2 Ra8 29. Nc3 d5 30. cxd6 Qxd6 31. Qxd6 Rxd6 32. Ne4 Rd4 33. f6 Bd5 34.
f7+ Kf8 35. Nc5 Nf6 36. Rxf6 gxf6 37. Rxf6 Ke7 38. Bxd5 Kxf6 39. Bxc6 Rf8 40.
Be8 Rxf7 41. Bxf7 Kxf7 42. Kf2 Rd2+ 43. Ke3 Rxa2 44. g4 Rh2 45. h5 Rh3+ 46. Ke4
Rg3 47. Kf4 Rc3 48. Nd7 Rxb3 49. g5 Rb4+ 50. Kf5 Rb5+ 51. Ne5+ Kg7 52. Ke6 a4
53. gxh6+ Kxh6 54. Nc4 Rxh5 55. Kd7 Rc5 56. Na3 Rc3 57. Nb5 Rb3 58. Nxc7 Rb7
59. Kc6 Rxc7+ 60. Kxc7 a3 61. Kd6 a2 0-1

[Event "Stuttgarter Stadtmeisterschaft 2010 A"]
[Site "Ditzingen"]
[Date "2010.05.16"]
[Round "7.19"]
[White "Stein, Carsten"]
[Black "Hagemann, Tim"]
[Result "0-1"]
[WhiteElo "1977"]
[BlackElo "2164"]
[PlyCount "74"]
[EventDate "2010.??.??"]
[WhiteTeam "SK Wernau"]
[BlackTeam "SC BW Kirchentellinsfurt"]

1. d4 e6 2. Nf3 Nf6 3. Bg5 d5 4. e3 Be7 5. Nbd2 Nbd7 6. Bd3 c5 7. c3 b6 8. Ne5
Nxe5 9. dxe5 Nd7 10. Bxe7 Qxe7 11. f4 Bb7 12. O-O O-O-O 13. a4 a6 14. c4 a5 15.
Qe2 f6 16. exf6 Nxf6 17. Nf3 Kb8 18. Ne5 Nd7 19. Nxd7+ Rxd7 20. Rfd1 g6 21. e4
d4 22. e5 Rf8 23. g3 g5 24. fxg5 Qxg5 25. Rf1 Rdf7 26. Bxh7 Rxf1+ 27. Rxf1
Rxf1+ 28. Kxf1 Qc1+ 29. Kf2 Qh1 30. h4 Qg2+ 31. Ke1 Qxg3+ 32. Qf2 Qxe5+ 33. Kd2
Qg7 34. Bd3 e5 35. Qh2 Ka7 36. Qe2 Qh6+ 37. Kc2 Qf4 0-1

[Event "Stuttgarter Stadtmeisterschaft 2010 A"]
[Site "Ditzingen"]
[Date "2010.05.16"]
[Round "7.33"]
[White "Maisch, Julian"]
[Black "Aerni, Andreas"]
[Result "0-1"]
[WhiteElo "1862"]
[BlackElo "2111"]
[PlyCount "76"]
[EventDate "2010.??.??"]
[WhiteTeam "SF 59 Kornwestheim"]
[BlackTeam "SC Brombach e.V."]

1. e4 d6 2. d4 Nf6 3. Nc3 g6 4. f4 Bg7 5. Nf3 c5 6. Bb5+ Bd7 7. e5 Ng4 8. e6
Bxb5 9. exf7+ Kf8 10. Nxb5 Qa5+ 11. Nc3 Nd7 12. O-O cxd4 13. Nxd4 Qc5 14. Qxg4
Bxd4+ 15. Kh1 Nf6 16. Qe6 Qf5 17. Qe2 Bxc3 18. bxc3 Kxf7 19. Rb1 b6 20. Qd3
Rac8 21. Bb2 Rc5 22. a3 h5 23. Rbe1 Rhc8 24. Rf3 Rb5 25. Bc1 Qxd3 26. Rxd3 Rb1
27. Kg1 Ne4 28. Rde3 d5 29. Kf1 e6 30. g3 Rc6 31. Rd3 Nxc3 32. Bd2 Rxe1+ 33.
Kxe1 Ne4 34. c3 Rc4 35. Ke2 Ke7 36. Rf3 Kd6 37. Kd3 Nxd2 38. Kxd2 Ra4 0-1

[Event "Stuttgarter Stadtmeisterschaft 2010 A"]
[Site "Ditzingen"]
[Date "2010.05.16"]
[Round "7.21"]
[White "Reck, Moritz"]
[Black "Lumsdon, Andrew"]
[Result "1/2-1/2"]
[WhiteElo "2158"]
[BlackElo "2081"]
[PlyCount "74"]
[EventDate "2010.??.??"]
[WhiteTeam "SK Bebenhausen 1992"]
[BlackTeam "SC Brombach e.V."]

1. g3 d5 2. Bg2 e5 3. d3 c6 4. Nc3 Nf6 5. Nf3 Bd6 6. O-O O-O 7. e4 dxe4 8. dxe4
Bg4 9. h3 Bh5 10. Qd3 Qe7 11. Nh4 Bc5 12. Nf5 Qe6 13. Be3 Na6 14. g4 Rfd8 15.
Qe2 Bg6 16. Rfd1 Bxe3 17. Qxe3 b6 18. Qe2 Nc7 19. Rxd8+ Rxd8 20. Rd1 Rd7 21.
Rd2 Kf8 22. Qd1 Rxd2 23. Qxd2 Qd7 24. Qd6+ Qxd6 25. Nxd6 Nd7 26. h4 f6 27. Bh3
Bf7 28. Nxf7 Kxf7 29. g5 Ne6 30. gxf6 Nxf6 31. Bxe6+ Kxe6 32. f3 Ne8 33. Kf2
Kf6 34. a4 Nc7 35. Ne2 Ne6 36. Ke3 g5 37. h5 a5 1/2-1/2

[Event "Stuttgarter Stadtmeisterschaft 2010 A"]
[Site "Ditzingen"]
[Date "2010.05.16"]
[Round "7.15"]
[White "Dudek, Richard"]
[Black "Geigle, Bruno"]
[Result "1-0"]
[WhiteElo "2258"]
[BlackElo "1981"]
[PlyCount "80"]
[EventDate "2010.??.??"]
[WhiteTeam "SC Eppingen"]
[BlackTeam "SK Lauffen"]

1. e4 c5 2. Nc3 Nc6 3. g3 g6 4. Bg2 Bg7 5. d3 d6 6. f4 e6 7. Nf3 Nge7 8. O-O
O-O 9. Be3 b6 10. Bf2 Ba6 11. Re1 Rc8 12. Rb1 d5 13. exd5 exd5 14. d4 Nf5 15.
dxc5 d4 16. Ne4 Nb4 17. a3 Nd5 18. Nxd4 Nde3 19. Rxe3 Bxd4 20. Re1 bxc5 21. c3
Bxf2+ 22. Nxf2 Qb6 23. Re5 Rfd8 24. Qe1 c4 25. Be4 Ne3 26. Bf3 Nf5 27. Kg2 Bb7
28. Bxb7 Qxb7+ 29. Qe4 Qb3 30. Qe2 h5 31. Rd1 Rxd1 32. Nxd1 Kg7 33. Kh3 Rd8 34.
Ne3 Nxe3 35. Rxe3 Rb8 36. Re7 Qb5 37. Qe6 Qf5+ 38. Qxf5 gxf5 39. Rxa7 Rxb2 40.
Rc7 Rb3 1-0

[Event "Stuttgarter Stadtmeisterschaft 2010 A"]
[Site "Ditzingen"]
[Date "2010.05.16"]
[Round "7.56"]
[White "König, Dirk"]
[Black "Baumeister, Wolfgang"]
[Result "1-0"]
[WhiteElo "2106"]
[BlackElo "1881"]
[PlyCount "69"]
[EventDate "2010.??.??"]
[WhiteTeam "SC Grunbach"]
[BlackTeam "SC Kreuzberg e.V."]

1. e4 e5 2. f4 Bc5 3. Nf3 d6 4. Bc4 Nf6 5. d3 c6 6. Nc3 b5 7. Bb3 a5 8. a3 a4
9. Ba2 Be6 10. Bxe6 fxe6 11. fxe5 dxe5 12. Qe2 Bd4 13. Nd1 Nbd7 14. Be3 Ba7 15.
Nf2 O-O 16. h4 Nh5 17. Bxa7 Qa5+ 18. Qd2 Qxa7 19. O-O-O b4 20. Ng4 bxa3 21.
bxa3 Rab8 22. Qc3 Ng3 23. Rhe1 Rxf3 24. gxf3 h5 25. Ne3 Qb7 26. Nc4 Qb5 27. Kd2
Qc5 28. Ne3 Qd6 29. Rg1 Nxe4+ 30. fxe4 Nc5 31. Ke2 Rf8 32. Rdf1 Rxf1 33. Rxf1
Nd7 34. Qb4 c5 35. Qxa4 1-0

[Event "Stuttgarter Stadtmeisterschaft 2010 A"]
[Site "Ditzingen"]
[Date "2010.05.16"]
[Round "7.57"]
[White "Viehoff, Jürgen"]
[Black "Jehle, Anja"]
[Result "0-1"]
[WhiteElo "1886"]
[BlackElo "1953"]
[PlyCount "54"]
[EventDate "2010.??.??"]
[WhiteTeam "SC Stetten a.d.F."]
[BlackTeam "SC Ingersheim e.V."]

1. d4 Nf6 2. Nf3 g6 3. Bg5 Bg7 4. Nbd2 d5 5. e3 h6 6. Bh4 Bf5 7. Ne5 Nbd7 8. f4
Nxe5 9. fxe5 Ne4 10. c4 Nxd2 11. Qxd2 O-O 12. cxd5 g5 13. Bg3 Qxd5 14. b3 e6
15. Bc4 Qd7 16. O-O Rfd8 17. b4 c6 18. Rad1 Rac8 19. h4 c5 20. bxc5 Rxc5 21.
Qb4 Rcc8 22. hxg5 hxg5 23. Bb3 Bc2 24. Rd2 Bf8 25. Qa5 Bxb3 26. axb3 Qc7 27.
Rdf2 Qxa5 0-1

[Event "Stuttgarter Stadtmeisterschaft 2010 A"]
[Site "Ditzingen"]
[Date "2010.05.16"]
[Round "7.34"]
[White "Marquardt, Patrick"]
[Black "Bluma, Marcel"]
[Result "0-1"]
[WhiteElo "1979"]
[BlackElo "2095"]
[PlyCount "80"]
[EventDate "2010.??.??"]
[WhiteTeam "SG Donautal Tuttlingen"]
[BlackTeam "SC Ingersheim e.V."]

1. e4 e5 2. Nf3 Nc6 3. Bc4 Bc5 4. c3 Nf6 5. d4 exd4 6. e5 Ne4 7. Bd5 f5 8. cxd4
Bb4+ 9. Nbd2 Bxd2+ 10. Bxd2 Nxd2 11. Qxd2 Qe7 12. O-O Nd8 13. Bb3 c6 14. d5
cxd5 15. Bxd5 Ne6 16. Bxe6 dxe6 17. Qd6 Bd7 18. Rac1 Bc6 19. Nd4 Qxd6 20. exd6
Kd7 21. Nxc6 bxc6 22. Rfd1 Rab8 23. b3 Rb5 24. Rc4 Rd5 25. Rxd5 exd5 26. Ra4
Ra8 27. g4 Kxd6 28. gxf5 Ke5 29. Ra6 c5 30. Rc6 Rd8 31. Rxc5 Rd7 32. Kg2 Kd4
33. Rc6 Kd3 34. b4 d4 35. a4 Ke2 36. Re6+ Kd1 37. f3 d3 38. Kf2 Rc7 39. Rd6 d2
40. Ke3 Kc1 0-1

[Event "Stuttgarter Stadtmeisterschaft 2010 A"]
[Site "Ditzingen"]
[Date "2010.05.16"]
[Round "7.47"]
[White "Hoffmann, Jonas"]
[Black "Turski, Tomasz"]
[Result "0-1"]
[WhiteElo "1910"]
[BlackElo "2056"]
[PlyCount "50"]
[EventDate "2010.??.??"]
[WhiteTeam "SK Enkenbach"]
[BlackTeam "SC Ingersheim e.V."]

1. e4 d6 2. d4 Nf6 3. Nc3 c6 4. Be3 g6 5. Qd2 Bg7 6. O-O-O O-O 7. Bh6 b5 8.
Bxg7 Kxg7 9. f3 a5 10. h4 Qc7 11. h5 e5 12. hxg6 fxg6 13. Qh6+ Kg8 14. d5 b4
15. dxc6 bxc3 16. Bc4+ Rf7 17. Bxf7+ Qxf7 18. Rxd6 cxb2+ 19. Kb1 Nxc6 20. Rxc6
Rb8 21. c4 Qd7 22. Rxc8+ Rxc8 23. Qe3 Qd1+ 24. Kxb2 Rxc4 25. Qb3 Qc1# 0-1

[Event "Stuttgarter Stadtmeisterschaft 2010 A"]
[Site "Ditzingen"]
[Date "2010.05.16"]
[Round "7.27"]
[White "Zikeli, Saskia"]
[Black "Weiler, Dieter"]
[Result "1-0"]
[WhiteElo "2033"]
[BlackElo "2202"]
[PlyCount "107"]
[EventDate "2010.??.??"]
[WhiteTeam "SC Ingersheim e.V."]

1. e4 c5 2. Nf3 Nc6 3. d4 cxd4 4. Nxd4 e6 5. Nb5 d6 6. c4 Nf6 7. Bg5 a6 8. N5c3
Be7 9. Be3 O-O 10. Be2 b6 11. Na3 Bb7 12. f4 Rc8 13. Bf3 Na5 14. Qd4 Nd7 15.
O-O Qc7 16. Rac1 Nxc4 17. Nxc4 e5 18. Qd2 exf4 19. Bxf4 Qxc4 20. Nd5 Bxd5 21.
Rxc4 Bxc4 22. Be2 Ne5 23. b3 Bxe2 24. Qxe2 b5 25. Rc1 Rxc1+ 26. Bxc1 Rc8 27.
Be3 h6 28. h3 Rc6 29. Qd2 Kh7 30. Kf1 Bf6 31. Ke2 Nd7 32. Kd1 Be5 33. Bd4 Nf6
34. Qd3 g6 35. Bxe5 dxe5 36. g4 Kg7 37. Ke2 Rc7 38. Qd6 Rc2+ 39. Ke3 Rc3+ 40.
Ke2 Rc2+ 41. Kd1 Rxa2 42. Qxe5 g5 43. Qc3 Kg6 44. e5 Nh7 45. Qc6+ Kg7 46. Kc1
Re2 47. Qd6 Nf8 48. Qf6+ Kg8 49. Qxh6 Rxe5 50. Qxa6 Ne6 51. Qd6 f6 52. Qe7 Rc5+
53. Kd2 Rc6 54. Qe8+ 1-0

[Event "Stuttgarter Stadtmeisterschaft 2010 A"]
[Site "Ditzingen"]
[Date "2010.05.16"]
[Round "7.13"]
[White "Vaysberg, Alexander"]
[Black "Göbel, Constantin"]
[Result "0-1"]
[WhiteElo "2218"]
[BlackElo "2011"]
[PlyCount "68"]
[EventDate "2010.??.??"]
[WhiteTeam "SF Pfullingen"]
[BlackTeam "SC Ladja Roßdorf"]

1. e4 c5 2. Nf3 Nc6 3. c3 e6 4. d4 d5 5. e5 Qb6 6. a3 Bd7 7. b4 cxd4 8. cxd4
Rc8 9. Bb2 Na5 10. Nbd2 Nc4 11. Nxc4 dxc4 12. Qd2 Ne7 13. Be2 Nd5 14. Rc1 Qa6
15. O-O Be7 16. Ng5 b5 17. Ne4 Bc6 18. Nc3 Qb7 19. f3 h6 20. Ne4 Ra8 21. Bd1
Qb6 22. Nc5 a5 23. f4 axb4 24. axb4 Ra2 25. Rc2 Rxb2 26. Rxb2 c3 27. Qf2 cxb2
28. Bc2 Bxc5 29. bxc5 Qb7 30. f5 exf5 31. Qxf5 Ne3 32. Qh5 Nxc2 33. e6 O-O 34.
Qe2 Nxd4 0-1

[Event "Stuttgarter Stadtmeisterschaft 2010 A"]
[Site "Ditzingen"]
[Date "2010.05.16"]
[Round "7.41"]
[White "Gehringer, Frank"]
[Black "Kreiter, Thomas"]
[Result "1/2-1/2"]
[WhiteElo "2039"]
[BlackElo "1935"]
[PlyCount "28"]
[EventDate "2010.??.??"]
[WhiteTeam "SC Leinfelden"]
[BlackTeam "SC Tamm 74"]

1. e4 c5 2. Nf3 Nc6 3. c3 d5 4. exd5 Qxd5 5. d4 cxd4 6. cxd4 Bg4 7. Be2 e6 8.
O-O Nf6 9. Nc3 Qa5 10. h3 Bh5 11. Be3 Bb4 12. Ne5 Bxe2 13. Nxe2 Nxe5 14. dxe5
Nd5 1/2-1/2

[Event "Stuttgarter Stadtmeisterschaft 2010 A"]
[Site "Ditzingen"]
[Date "2010.05.16"]
[Round "7.52"]
[White "Rempeli, Alex"]
[Black "Schlachetzki, Horst"]
[Result "1-0"]
[WhiteElo "1807"]
[BlackElo "1948"]
[PlyCount "85"]
[EventDate "2010.??.??"]
[WhiteTeam "SF Deizisau"]
[BlackTeam "SC Leinfelden"]

1. d4 Nf6 2. c4 e6 3. Nc3 Bb4 4. Qc2 d5 5. a3 Bxc3+ 6. Qxc3 Ne4 7. Qc2 Nc6 8.
Nf3 e5 9. e3 Bf5 10. Bd3 Nxf2 11. Bxf5 Nxh1 12. cxd5 Qxd5 13. Be4 Qd6 14. Bxc6+
bxc6 15. dxe5 Qd7 16. Bd2 O-O 17. Ng5 g6 18. Ne4 Qe6 19. Nf6+ Kg7 20. Qe4 Rfd8
21. Qh4 h5 22. Bc3 c5 23. Ne4 Rd7 24. Qf6+ Qxf6 25. Nxf6 Rdd8 26. Ke2 Ng3+ 27.
hxg3 a5 28. Rh1 Kf8 29. Rh4 a4 30. Rc4 Ra7 31. Rxc5 Rc8 32. Rc6 Kg7 33. Ne4 Kf8
34. Kf3 Ke8 35. Nf6+ Kf8 36. Kf4 Kg7 37. Kg5 Rb8 38. Bd4 Rab7 39. Nd7 Re8 40.
e6+ f6+ 41. Bxf6+ Kh7 42. Be5 Re7 43. Nf6+ 1-0

[Event "Stuttgarter Stadtmeisterschaft 2010 A"]
[Site "Ditzingen"]
[Date "2010.05.16"]
[Round "7.53"]
[White "Ohnmacht, Rolf"]
[Black "Pietzka, Martin"]
[Result "1/2-1/2"]
[WhiteElo "1946"]
[BlackElo "1860"]
[PlyCount "53"]
[EventDate "2010.??.??"]
[WhiteTeam "SC Niefern-Öschelbronn"]
[BlackTeam "SV Nürtingen 1920"]

1. e4 c6 2. d4 d5 3. e5 Bf5 4. g4 Bg6 5. h4 h6 6. Bd3 Bxd3 7. Qxd3 e6 8. f4 Be7
9. Nf3 g6 10. g5 h5 11. Nc3 Na6 12. Be3 Qd7 13. a3 Nc7 14. Ne2 a5 15. Kf2 b5
16. b3 Na6 17. c4 Bd8 18. cxb5 cxb5 19. Rhc1 Ne7 20. Rc2 O-O 21. Ng3 Kg7 22.
Qe2 Rh8 23. Rac1 Bb6 24. Ne1 b4 25. a4 Qa7 26. Nf3 Qd7 27. Qd3 1/2-1/2

[Event "Stuttgarter Stadtmeisterschaft 2010 A"]
[Site "Ditzingen"]
[Date "2010.05.16"]
[Round "7.38"]
[White "Scherer, Holger"]
[Black "Yin, Stanley"]
[Result "1/2-1/2"]
[WhiteElo "2082"]
[BlackElo "1976"]
[PlyCount "47"]
[EventDate "2010.??.??"]
[WhiteTeam "SK Lauffen"]
[BlackTeam "SC Noris-Tarrasch Nürnberg 1873"]

1. e4 e5 2. f4 Bc5 3. Nf3 Nf6 4. fxe5 Nxe4 5. d4 Bb6 6. Qe2 d5 7. exd6 O-O 8.
dxc7 Bxc7 9. Qxe4 Re8 10. Ne5 f6 11. Bd3 g6 12. Bc4+ Be6 13. Bxe6+ Rxe6 14. O-O
fxe5 15. d5 Bb6+ 16. Kh1 Rf6 17. Rd1 Qf8 18. Nd2 Nd7 19. Nf3 Nc5 20. Qe2 e4 21.
Ng1 Rf2 22. Qc4 Rc8 23. c3 Qf5 24. d6+ 1/2-1/2

[Event "Stuttgarter Stadtmeisterschaft 2010 A"]
[Site "Ditzingen"]
[Date "2010.05.16"]
[Round "7.49"]
[White "Lerner, Jürgen"]
[Black "Schnepel, Thomas"]
[Result "1-0"]
[WhiteElo "1884"]
[BlackElo "1957"]
[PlyCount "67"]
[EventDate "2010.??.??"]
[WhiteTeam "SC Überlingen"]
[BlackTeam "SC Pforzheim 1906"]

1. d4 d5 2. c4 Nc6 3. e3 e5 4. cxd5 Qxd5 5. Nc3 Bb4 6. Bd2 Bxc3 7. bxc3 Qd6 8.
Bd3 Nge7 9. Ne2 O-O 10. O-O Be6 11. f4 Bg4 12. h3 Bxe2 13. Qxe2 exd4 14. exd4
Rfe8 15. Qf2 Nd5 16. Rfe1 Nf6 17. f5 Qa3 18. Reb1 Rab8 19. Rb3 Qd6 20. Bf4 Qd7
21. Rab1 Nd5 22. Rxb7 Rxb7 23. Rxb7 Qc8 24. Rb3 Nxf4 25. Qxf4 Ne7 26. Rb5 c6
27. Rc5 Nd5 28. Qd6 Re1+ 29. Kh2 Qe8 30. Rxc6 Nf4 31. Ba6 Rh1+ 32. Kxh1 Qe1+
33. Kh2 g5 34. Qd8+ 1-0

[Event "Stuttgarter Stadtmeisterschaft 2010 A"]
[Site "Ditzingen"]
[Date "2010.05.16"]
[Round "7.37"]
[White "Reichert, Matthias"]
[Black "Hünerberg, Clemens"]
[Result "1/2-1/2"]
[WhiteElo "2092"]
[BlackElo "1984"]
[PlyCount "47"]
[EventDate "2010.??.??"]
[WhiteTeam "SG Schwäb.Gmünd 1872 e.V"]
[BlackTeam "SF 1954 Conweiler e.V."]

1. d4 g6 2. e4 Bg7 3. Nc3 d6 4. g3 Nd7 5. Bg2 c5 6. Nge2 Rb8 7. Be3 b6 8. O-O
Bb7 9. h3 cxd4 10. Bxd4 Ngf6 11. Nd5 O-O 12. Nec3 e6 13. Nxf6+ Nxf6 14. Qd2 Qd7
15. Rad1 Rfd8 16. Rfe1 Ne8 17. Bxg7 Kxg7 18. Qd4+ Kg8 19. Rd2 Qc6 20. f4 Qc5
21. Red1 Rbc8 22. Qxc5 Rxc5 23. Kf2 Rdc8 24. Rd4 1/2-1/2

[Event "Stuttgarter Stadtmeisterschaft 2010 A"]
[Site "Ditzingen"]
[Date "2010.05.16"]
[Round "7.48"]
[White "Schäfer, Daniela"]
[Black "Körber, Thomas"]
[Result "1/2-1/2"]
[WhiteElo "1917"]
[BlackElo "2002"]
[PlyCount "43"]
[EventDate "2010.??.??"]
[WhiteTeam "SF Deizisau"]
[BlackTeam "SF Fürth 1951 e.V."]

1. e4 d5 2. exd5 Qxd5 3. Nc3 Qa5 4. d4 Nf6 5. Nf3 Bg4 6. Bd2 e6 7. Bd3 c6 8.
O-O Be7 9. Qe2 Nbd7 10. h3 Bh5 11. Rfe1 O-O 12. g4 Bg6 13. Bxg6 hxg6 14. Ne5
Rad8 15. g5 Nd5 16. h4 Nxe5 17. dxe5 Nxc3 18. bxc3 Qa4 19. Be3 Qxh4 20. f4 Qg3+
21. Qg2 Qxg2+ 22. Kxg2 1/2-1/2

[Event "Stuttgarter Stadtmeisterschaft 2010 A"]
[Site "Ditzingen"]
[Date "2010.05.16"]
[Round "7.16"]
[White "Gustain, Marc"]
[Black "Braun, Peter"]
[Result "1-0"]
[WhiteElo "2085"]
[BlackElo "2228"]
[PlyCount "113"]
[EventDate "2010.??.??"]
[WhiteTeam "SF Deizisau"]
[BlackTeam "SK Frankenthal"]

1. e4 c5 2. Nf3 Nc6 3. d4 cxd4 4. Nxd4 g6 5. Nc3 Bg7 6. Be3 Nf6 7. Nxc6 bxc6 8.
e5 Ng8 9. Bd4 Qa5 10. f4 f6 11. Qe2 fxe5 12. Bxe5 Nf6 13. O-O-O O-O 14. Qe1 d6
15. Bc4+ Kh8 16. Bd4 Qc7 17. Be6 Rb8 18. Bxc8 Rfxc8 19. Ne4 Nxe4 20. Qxe4 Rf8
21. Rhe1 Rb7 22. Rd3 c5 23. Bxg7+ Kxg7 24. Rde3 Rf7 25. g4 Rb4 26. c4 d5 27.
Qxd5 Qxf4 28. b3 Rb6 29. Qxc5 Re6 30. Kd2 Qxh2+ 31. R1e2 Qf4 32. Kc2 Rxe3 33.
Qxe3 Qxg4 34. Qe5+ Kg8 35. c5 Qf5+ 36. Kc3 Qxe5+ 37. Rxe5 Kf8 38. b4 Ke8 39.
Rd5 e6 40. Rd6 Ke7 41. b5 Rf5 42. Kb4 Rf4+ 43. Ka5 Rc4 44. Ra6 Rxc5 45. Rxa7+
Kd6 46. Rxh7 Rc8 47. Rh2 g5 48. Rd2+ Ke5 49. b6 g4 50. b7 Rg8 51. Rc2 Rb8 52.
Kb6 Kf4 53. a4 g3 54. a5 Kf3 55. a6 g2 56. Rxg2 Kxg2 57. a7 1-0

[Event "Stuttgarter Stadtmeisterschaft 2010 A"]
[Site "Ditzingen"]
[Date "2010.05.16"]
[Round "7.44"]
[White "Schembera, Jörg"]
[Black "Zimmermann, Ulrich"]
[Result "0-1"]
[WhiteElo "1854"]
[BlackElo "2022"]
[PlyCount "50"]
[EventDate "2010.??.??"]
[WhiteTeam "SF Oeffingen e.V."]
[BlackTeam "SK Bebenhausen 1992"]

1. d4 Nf6 2. c4 g6 3. Nc3 d5 4. cxd5 Nxd5 5. e4 Nxc3 6. bxc3 c5 7. Bc4 Bg7 8.
Ne2 O-O 9. O-O Nc6 10. Be3 Qc7 11. Rc1 a6 12. Qc2 Na5 13. Qd3 Bd7 14. dxc5 Nxc4
15. Qxc4 Bb5 16. Qb4 Bxe2 17. Rfe1 Bb5 18. c4 Bc6 19. f3 Rad8 20. Rcd1 Be5 21.
g3 Bxg3 22. hxg3 Qxg3+ 23. Kh1 Qxf3+ 24. Kh2 Rxd1 25. Bh6 Qh5+ 0-1

[Event "Stuttgarter Stadtmeisterschaft 2010 A"]
[Site "Ditzingen"]
[Date "2010.05.16"]
[Round "7.20"]
[White "Montigel, Philipp"]
[Black "Imhof, Thomas"]
[Result "1-0"]
[WhiteElo "2162"]
[BlackElo "2094"]
[PlyCount "59"]
[EventDate "2010.??.??"]
[WhiteTeam "SV Stuttgart-Wolfbusch 1956 e.V."]
[BlackTeam "SGem Vaihingen-Rohr"]

1. f4 d5 2. g3 Nf6 3. Bg2 Bf5 4. d3 e6 5. Nf3 c5 6. O-O Nc6 7. c3 Bd6 8. Nh4
Bg4 9. Qe1 O-O 10. e4 dxe4 11. dxe4 Be7 12. h3 Bh5 13. g4 Bg6 14. f5 exf5 15.
exf5 Nxg4 16. Nxg6 hxg6 17. hxg4 gxf5 18. gxf5 Bf6 19. Nd2 Rb8 20. Ne4 Qe7 21.
Be3 b6 22. Qg3 Ne5 23. Nxf6+ Qxf6 24. Bg5 Qd6 25. Rad1 Qc7 26. Bf6 Nf3+ 27.
Rxf3 Qxg3 28. Rxg3 g6 29. Rh3 gxf5 30. Rh8# 1-0

[Event "Stuttgarter Stadtmeisterschaft 2010 A"]
[Site "Ditzingen"]
[Date "2010.05.16"]
[Round "7.18"]
[White "Gabriel, Josef"]
[Black "Braun, Georg"]
[Result "1-0"]
[WhiteElo "2165"]
[BlackElo "2074"]
[PlyCount "75"]
[EventDate "2010.??.??"]
[WhiteTeam "Stuttgarter SF 1879"]
[BlackTeam "SK Bebenhausen 1992"]

1. c4 c5 2. Nc3 Nc6 3. Nf3 g6 4. d4 cxd4 5. Nxd4 Bg7 6. Nb3 Nf6 7. e4 d6 8. Be2
O-O 9. O-O b6 10. Bg5 Bb7 11. Rc1 Rc8 12. f3 Nd7 13. Qd2 Nc5 14. Be3 Re8 15.
Na1 Qc7 16. b4 Nd7 17. Nb3 Qb8 18. a3 Nce5 19. Nb5 a6 20. N5d4 Nc6 21. Rfd1
Nxd4 22. Nxd4 Rc7 23. Qe1 Rec8 24. Nb3 Bc6 25. Rb1 Ba4 26. Rdc1 Qb7 27. Qf1 Nb8
28. Nd4 Bd7 29. c5 dxc5 30. bxc5 Rxc5 31. Rxc5 Rxc5 32. Nf5 Rc3 33. Nxe7+ Kf8
34. Bxb6 Bb5 35. Nd5 Bxe2 36. Qxe2 Bd4+ 37. Kf1 Nd7 38. Nxc3 1-0

[Event "Stuttgarter Stadtmeisterschaft 2010 A"]
[Site "Ditzingen"]
[Date "2010.05.16"]
[Round "7.12"]
[White "Ydo, Pim"]
[Black "Latzke, Boris Alexander"]
[Result "0-1"]
[WhiteElo "2111"]
[BlackElo "2264"]
[PlyCount "82"]
[EventDate "2010.??.??"]
[BlackTeam "SK Bebenhausen 1992"]

1. d4 Nf6 2. c4 e6 3. a3 d5 4. e3 Be7 5. Nf3 O-O 6. Nc3 b6 7. cxd5 exd5 8. Bd3
c5 9. O-O Bb7 10. b3 Nbd7 11. Bb2 Rc8 12. Qe2 Ne4 13. Rac1 Ndf6 14. Ba6 Qc7 15.
Bxb7 Qxb7 16. a4 Nxc3 17. Rxc3 Rc7 18. Rfc1 Rfc8 19. R3c2 Ne4 20. Ne5 Bd6 21.
Qg4 Nf6 22. Qf5 Re8 23. Nd3 Qc8 24. Qxc8 Rexc8 25. dxc5 bxc5 26. Bxf6 gxf6 27.
Nf4 Bxf4 28. exf4 Kf8 29. Kf1 Ke7 30. Ke2 a5 31. Rd1 Kd6 32. Rcd2 d4 33. Rd3
Re8+ 34. Kd2 Rce7 35. Kc2 Re2+ 36. R3d2 Rxd2+ 37. Kxd2 Kd5 38. Kd3 Rb8 39. Kc2
c4 40. bxc4+ Kxc4 41. Re1 d3+ 0-1

[Event "Stuttgarter Stadtmeisterschaft 2010 A"]
[Site "Ditzingen"]
[Date "2010.05.16"]
[Round "7.26"]
[White "Aksenov, Pavel"]
[Black "Paul, Mathias"]
[Result "1-0"]
[WhiteElo "2105"]
[BlackElo "2009"]
[PlyCount "49"]
[EventDate "2010.??.??"]
[WhiteTeam "SK Bietigheim-Bissingen"]

1. d4 Nf6 2. c4 g6 3. Nc3 Bg7 4. g3 O-O 5. Bg2 d6 6. e3 Nc6 7. Nge2 a6 8. O-O
Rb8 9. b3 Bd7 10. d5 Na5 11. Bb2 c5 12. Qc2 b5 13. cxb5 axb5 14. e4 Qb6 15. Nd1
Rfc8 16. Ne3 Ng4 17. Nxg4 Bxg4 18. Bxg7 Kxg7 19. Rfc1 b4 20. h3 Bd7 21. Rab1 c4
22. bxc4 Nxc4 23. Qb3 Qa6 24. Bf1 Qa3 25. Rxc4 1-0

[Event "Stuttgarter Stadtmeisterschaft 2010 A"]
[Site "Ditzingen"]
[Date "2010.05.16"]
[Round "7.22"]
[White "Arounopoulos, Stephan"]
[Black "Keller, Harald"]
[Result "1/2-1/2"]
[WhiteElo "2141"]
[BlackElo "2052"]
[PlyCount "32"]
[EventDate "2010.??.??"]
[WhiteTeam "SK e4 Gerlingen"]
[BlackTeam "SV Rottweil"]

1. d4 Nf6 2. Nf3 d5 3. c4 c6 4. Nc3 a6 5. e3 e6 6. c5 Nbd7 7. b4 g6 8. Be2 Bg7
9. O-O Qc7 10. Qb3 O-O 11. Bb2 Ne8 12. a4 e5 13. b5 e4 14. Nd2 f5 15. f3 exf3
16. Bxf3 Nef6 1/2-1/2

[Event "Stuttgarter Stadtmeisterschaft 2010 A"]
[Site "Ditzingen"]
[Date "2010.05.16"]
[Round "7.35"]
[White "Seyfried, Claus"]
[Black "Hirschfeld, Dennis"]
[Result "1-0"]
[WhiteElo "2087"]
[BlackElo "1980"]
[PlyCount "47"]
[EventDate "2010.??.??"]
[WhiteTeam "Stuttgarter SF 1879"]
[BlackTeam "SV Besigheim"]

1. e4 c5 2. Nf3 g6 3. d4 cxd4 4. Nxd4 Nc6 5. Nc3 Bg7 6. Be3 Nf6 7. Bc4 Qa5 8.
O-O O-O 9. Bb3 d6 10. h3 Bd7 11. f4 Qh5 12. Qxh5 Nxh5 13. Rad1 Nf6 14. e5 dxe5
15. Nxc6 Bxc6 16. fxe5 Ne4 17. Nxe4 Bxe4 18. Rd7 Rae8 19. Bc5 Bxe5 20. Bxe7 Bc6
21. Bxf8 Bxd7 22. Bxf7+ Kxf8 23. Bxe8+ Kxe8 24. Re1 1-0

[Event "Stuttgarter Stadtmeisterschaft 2010 A"]
[Site "Ditzingen"]
[Date "2010.05.16"]
[Round "7.23"]
[White "Schröder, Jan-Christian"]
[Black "Lipecki, Alexander"]
[Result "1-0"]
[WhiteElo "1965"]
[BlackElo "2140"]
[PlyCount "41"]
[EventDate "2010.??.??"]
[WhiteTeam "SV Lahn Limburg"]

1. e4 d6 2. d4 Nf6 3. Nc3 e5 4. Nf3 Nc6 5. dxe5 Nxe5 6. Bf4 Ng6 7. Bg3 Be7 8.
Bc4 Nd7 9. Nd4 Nde5 10. Bb3 a6 11. a4 Bd7 12. Nd5 h5 13. h3 Nc6 14. Nf5 Bxf5
15. exf5 Nge5 16. O-O h4 17. Bxe5 dxe5 18. Qg4 Kf8 19. c3 Bf6 20. Rad1 Qc8 21.
Qc4 1-0